[Event "Pobeskydi 2026"]
[Site "Frydek-Mistek, Czech Republic"]
[Date "2026.04.02"]
[Round "2.9"]
[White "Trybus, Daniel"]
[Black "Sknouril, Jakub"]
[Result "1-0"]
[TimeControl "90 min+30s/move"]
[WhiteTitle "-"]
[BlackTitle "-"]
[WhiteFideId "21816131"]
[BlackFideId "23731133"]
[WhiteElo "2055"]
[BlackElo "1933"]

1. e4 {[%clk 01:30:42]} {[%emt 00:00:13]} c5 {[%clk 01:29:34]} {[%emt
00:01:30]} 2. Nc3 {[%clk 01:31:07]} {[%emt 00:00:05]} Nc6 {[%clk 01:29:26]}
{[%emt 00:00:37]} 3. g4 {[%clk 01:31:29]} {[%emt 00:00:09]} g6 {[%clk
01:28:00]} {[%emt 00:01:56]} 4. d3 {[%clk 01:31:40]} {[%emt 00:00:18]} d6
{[%clk 01:28:02]} {[%emt 00:00:29]} 5. Be3 {[%clk 01:30:53]} {[%emt 00:01:17]}
Bg7 {[%clk 01:24:30]} {[%emt 00:04:02]} 6. Bg2 {[%clk 01:23:37]} {[%emt
00:07:45]} Bd7 {[%clk 01:20:14]} {[%emt 00:04:46]} 7. h4 {[%clk 01:20:03]}
{[%emt 00:04:05]} Nf6 {[%clk 01:07:34]} {[%emt 00:13:09]} 8. f3 {[%clk
01:16:00]} {[%emt 00:04:34]} Qb6 {[%clk 00:56:11]} {[%emt 00:11:52]} 9. Nge2
{[%clk 01:11:28]} {[%emt 00:05:03]} Qxb2 {[%clk 00:30:43]} {[%emt 00:25:58]} 10.
Rb1 {[%clk 01:04:36]} {[%emt 00:07:22]} Qa3 {[%clk 00:30:47]} {[%emt 00:00:26]}
11. Qd2 {[%clk 01:03:35]} {[%emt 00:01:31]} Qa5 {[%clk 00:23:38]} {[%emt
00:07:39]} 12. h5 {[%clk 01:00:13]} {[%emt 00:03:52]} Rf8 {[%clk 00:15:28]}
{[%emt 00:08:39]} 13. O-O {[%clk 00:53:42]} {[%emt 00:07:01]} Nd4 {[%clk
00:05:40]} {[%emt 00:10:19]} 14. Nxd4 {[%clk 00:46:15]} {[%emt 00:07:58]} cxd4
{[%clk 00:05:59]} {[%emt 00:00:10]} 15. Bxd4 {[%clk 00:45:19]} {[%emt
00:01:27]} Nxh5 {[%clk 00:05:25]} {[%emt 00:01:02]} 16. Bxg7 {[%clk 00:43:31]}
{[%emt 00:02:19]} Nxg7 {[%clk 00:05:52]} {[%emt 00:00:02]} 17. d4 {[%clk
00:42:01]} {[%emt 00:02:01]} Rc8 {[%clk 00:01:32]} {[%emt 00:04:50]} 18. Rb3
{[%clk 00:41:48]} {[%emt 00:00:43]} e6 {[%clk 00:00:31]} {[%emt 00:01:32]} 19.
Rfb1 {[%clk 00:40:23]} {[%emt 00:01:54]} b6 {[%clk 00:00:36]} {[%emt 00:00:25]}
20. Bf1 {[%clk 00:38:59]} {[%emt 00:01:54]} f6 {[%clk 00:00:46]} {[%emt
00:00:21]} 21. Qe3 {[%clk 00:38:47]} {[%emt 00:00:42]} Qg5 {[%clk 00:00:33]}
{[%emt 00:00:43]} 22. Qf2 {[%clk 00:37:52]} {[%emt 00:01:24]} h5 {[%clk
00:00:34]} {[%emt 00:00:30]} 23. Nb5 {[%clk 00:37:48]} {[%emt 00:00:33]} Ke7
{[%clk 00:00:48]} {[%emt 00:00:16]} 24. f4 {[%clk 00:36:16]} {[%emt 00:02:03]}
Qxg4+ {[%clk 00:01:02]} {[%emt 00:00:16]} 25. Rg3 {[%clk 00:36:32]} {[%emt
00:00:12]} Qh4 {[%clk 00:00:54]} {[%emt 00:00:39]} 26. c4 {[%clk 00:36:04]}
{[%emt 00:00:58]} g5 {[%clk 00:00:42]} {[%emt 00:00:42]} 27. Rbb3 {[%clk
00:34:00]} {[%emt 00:02:34]} Rf7 {[%clk 00:01:11]} 28. Rbf3 {[%clk 00:32:23]}
{[%emt 00:02:06]} g4 {[%clk 00:00:38]} {[%emt 00:01:04]} 29. Ra3 {[%clk
00:32:41]} {[%emt 00:00:13]} a5 {[%clk 00:00:33]} {[%emt 00:00:35]} 30. Qb2
{[%clk 00:31:24]} {[%emt 00:01:46]} f5 {[%clk 00:00:33]} {[%emt 00:00:31]} 31.
e5 {[%clk 00:31:38]} {[%emt 00:00:15]} dxe5 {[%clk 00:00:54]} {[%emt 00:00:09]}
32. dxe5 {[%clk 00:32:04]} {[%emt 00:00:04]} Bc6 {[%clk 00:00:47]} {[%emt
00:00:37]} 33. Bg2 {[%clk 00:31:06]} {[%emt 00:01:28]} Bf3 {[%clk 00:00:33]}
{[%emt 00:00:44]} 34. Raxf3 {[%clk 00:31:09]} {[%emt 00:00:27]} gxf3 {[%clk
00:01:01]} {[%emt 00:00:02]} 35. Qa3+ {[%clk 00:31:34]} {[%emt 00:00:05]} Rc5
{[%clk 00:00:58]} {[%emt 00:00:33]} 36. Qxf3 {[%clk 00:31:48]} {[%emt
00:00:16]} Kf8 {[%clk 00:00:55]} {[%emt 00:00:33]} 37. Nd6 {[%clk 00:31:57]}
{[%emt 00:00:22]} Ra7 {[%clk 00:00:32]} {[%emt 00:00:53]} 38. a4 {[%clk
00:30:32]} {[%emt 00:01:55]} Qe7 {[%clk 00:00:34]} {[%emt 00:00:28]} 39. Qb3
{[%clk 00:29:02]} {[%emt 00:01:59]} Qc7 {[%clk 00:00:36]} {[%emt 00:00:28]} 40.
Rg6 {[%clk 00:27:20]} {[%emt 00:02:12]} Qd8 {[%clk 00:00:33]} {[%emt 00:00:34]}
41. Rf6+ {[%clk 00:27:14]} {[%emt 00:00:34]} Kg8 {[%clk 00:00:47]} {[%emt
00:00:17]} 42. Qg3 {[%clk 00:27:34]} {[%emt 00:00:08]} Rd7 {[%clk 00:00:45]}
{[%emt 00:00:35]} 43. Rxe6 {[%clk 00:27:22]} {[%emt 00:00:42]} Re7 {[%clk
00:00:33]} {[%emt 00:00:42]} 44. Rh6 {[%clk 00:27:15]} {[%emt 00:00:36]} Qf8
{[%emt 00:00:32]} 45. Qg6 {[%clk 00:27:34]} {[%emt 00:00:08]} 1-0

[Event "Pobeskydi 2026"]
[Site "Frydek-Mistek, Czech Republic"]
[Date "2026.04.02"]
[Round "2.10"]
[White "Kendall, Arthur"]
[Black "Dobsa, Emma"]
[Result "1-0"]
[TimeControl "90 min+30s/move"]
[WhiteTitle "-"]
[BlackTitle "-"]
[WhiteFideId "343410960"]
[BlackFideId "23709391"]
[WhiteElo "2032"]
[BlackElo "1921"]

1. d4 {[%clk 01:30:54]} {[%emt 00:00:06]} d5 {[%clk 01:30:42]} {[%emt
00:00:20]} 2. Nf3 {[%clk 01:31:19]} {[%emt 00:00:04]} Nf6 {[%clk 01:31:05]}
{[%emt 00:00:06]} 3. e3 {[%clk 01:31:45]} {[%emt 00:00:05]} Bf5 {[%clk
01:31:20]} {[%emt 00:00:15]} 4. Bd3 {[%clk 01:32:02]} {[%emt 00:00:11]} e6
{[%clk 01:31:06]} {[%emt 00:00:46]} 5. Bxf5 {[%clk 01:29:40]} {[%emt 00:02:51]}
exf5 {[%clk 01:31:24]} {[%emt 00:00:13]} 6. Qd3 {[%clk 01:30:05]} {[%emt
00:00:04]} Qc8 {[%clk 01:31:18]} {[%emt 00:00:37]} 7. O-O {[%clk 01:30:21]}
{[%emt 00:00:13]} Bd6 {[%clk 01:31:19]} {[%emt 00:00:29]} 8. b3 {[%clk
01:29:02]} {[%emt 00:01:49]} O-O {[%clk 01:29:33]} {[%emt 00:02:17]} 9. c4
{[%clk 01:24:50]} {[%emt 00:04:40]} c6 {[%clk 01:28:15]} {[%emt 00:01:49]} 10.
a4 {[%clk 01:17:54]} {[%emt 00:07:27]} a5 {[%clk 01:22:46]} {[%emt 00:05:59]}
11. Ba3 {[%clk 01:12:19]} {[%emt 00:06:04]} Bxa3 {[%clk 01:19:57]} {[%emt
00:03:20]} 12. Nxa3 {[%clk 01:12:26]} {[%emt 00:00:22]} Na6 {[%clk 01:18:34]}
{[%emt 00:01:53]} 13. Nc2 {[%clk 01:10:33]} {[%emt 00:02:23]} Re8 {[%clk
01:13:34]} {[%emt 00:05:31]} 14. Rab1 {[%clk 01:02:57]} {[%emt 00:08:04]} Ne4
{[%clk 01:07:33]} {[%emt 00:06:32]} 15. b4 {[%clk 00:42:15]} {[%emt 00:21:12]}
axb4 {[%clk 01:01:26]} {[%emt 00:06:38]} 16. Nxb4 {[%clk 00:42:18]} {[%emt
00:00:25]} Qd7 {[%clk 00:57:14]} {[%emt 00:04:44]} 17. Ne5 {[%clk 00:33:11]}
{[%emt 00:09:36]} Qe7 {[%clk 00:52:10]} {[%emt 00:05:34]} 18. Nxa6 {[%clk
00:31:06]} {[%emt 00:02:35]} Rxa6 {[%clk 00:52:26]} {[%emt 00:00:15]} 19. cxd5
{[%clk 00:27:55]} {[%emt 00:03:40]} cxd5 {[%clk 00:51:44]} {[%emt 00:01:12]} 20.
Rfc1 {[%clk 00:23:27]} {[%emt 00:04:58]} Nd6 {[%clk 00:38:19]} {[%emt
00:13:56]} 21. Qb3 {[%clk 00:21:52]} {[%emt 00:02:04]} Rea8 {[%clk 00:36:11]}
{[%emt 00:02:39]} 22. Qxd5 {[%clk 00:20:40]} {[%emt 00:01:40]} Rxa4 {[%clk
00:35:21]} {[%emt 00:01:22]} 23. g3 {[%clk 00:18:58]} {[%emt 00:02:11]} R4a5
{[%clk 00:32:28]} {[%emt 00:03:24]} 24. Qb3 {[%clk 00:17:58]} {[%emt 00:01:28]}
b5 {[%clk 00:31:50]} {[%emt 00:01:10]} 25. Nc6 {[%clk 00:16:23]} {[%emt
00:02:05]} Qb7 {[%clk 00:32:03]} {[%emt 00:00:18]} 26. Nxa5 {[%clk 00:15:59]}
{[%emt 00:00:53]} Rxa5 {[%clk 00:32:28]} {[%emt 00:00:06]} 27. Rc2 {[%clk
00:15:39]} {[%emt 00:00:49]} Ra8 {[%clk 00:30:16]} {[%emt 00:02:43]} 28. Rbc1
{[%clk 00:15:03]} {[%emt 00:01:06]} Qe4 {[%clk 00:29:25]} {[%emt 00:01:20]} 29.
Qb4 {[%clk 00:14:43]} {[%emt 00:00:50]} Qe7 {[%clk 00:26:34]} {[%emt 00:03:21]}
30. Rc6 {[%clk 00:14:13]} {[%emt 00:00:57]} Rd8 {[%clk 00:26:32]} {[%emt
00:00:35]} 31. Rxd6 {[%emt 00:01:37]} 1-0

[Event "Pobeskydi 2026"]
[Site "Frydek-Mistek, Czech Republic"]
[Date "2026.04.02"]
[Round "2.11"]
[White "Vanek, Martin"]
[Black "Bjolek, Jan"]
[Result "0-1"]
[TimeControl "90 min+30s/move"]
[WhiteTitle "-"]
[BlackTitle "-"]
[WhiteFideId "23769238"]
[BlackFideId "23725800"]
[WhiteElo "1905"]
[BlackElo "2026"]

1. d4 {[%clk 01:30:57]} {[%emt 00:00:02]} e6 {[%clk 01:30:57]} {[%emt
00:00:04]} 2. c4 {[%clk 01:31:20]} {[%emt 00:00:07]} f5 {[%clk 01:31:23]}
{[%emt 00:00:04]} 3. Nf3 {[%clk 01:31:42]} {[%emt 00:00:07]} Nf6 {[%clk
01:31:43]} {[%emt 00:00:11]} 4. g3 {[%clk 01:31:50]} {[%emt 00:00:20]} b6
{[%clk 01:32:06]} {[%emt 00:00:09]} 5. Bg2 {[%clk 01:31:55]} {[%emt 00:00:24]}
Bb7 {[%clk 01:32:31]} {[%emt 00:00:06]} 6. O-O {[%clk 01:31:17]} {[%emt
00:01:07]} Be7 {[%clk 01:32:35]} {[%emt 00:00:26]} 7. b3 {[%clk 01:24:33]}
{[%emt 00:07:14]} O-O {[%clk 01:31:32]} {[%emt 00:01:32]} 8. Bb2 {[%clk
01:24:22]} {[%emt 00:00:42]} Ne4 {[%clk 01:26:22]} {[%emt 00:05:40]} 9. Nbd2
{[%clk 01:22:02]} {[%emt 00:02:50]} a5 {[%clk 01:21:28]} {[%emt 00:05:25]} 10.
Qc2 {[%clk 01:16:36]} {[%emt 00:05:56]} Na6 {[%clk 01:18:42]} {[%emt 00:03:16]}
11. Rac1 {[%clk 01:11:34]} {[%emt 00:05:31]} Nb4 {[%clk 01:18:22]} {[%emt
00:00:50]} 12. Qb1 {[%clk 01:11:43]} {[%emt 00:00:21]} Nxd2 {[%clk 01:17:04]}
{[%emt 00:01:48]} 13. Nxd2 {[%clk 01:11:58]} {[%emt 00:00:15]} Bxg2 {[%clk
01:17:27]} {[%emt 00:00:07]} 14. Kxg2 {[%clk 01:12:15]} {[%emt 00:00:13]} f4
{[%clk 01:12:17]} {[%emt 00:05:40]} 15. a3 {[%clk 01:08:17]} {[%emt 00:04:28]}
Na6 {[%clk 01:12:25]} {[%emt 00:00:23]} 16. Nf3 {[%clk 01:06:24]} {[%emt
00:02:22]} Qe8 {[%clk 00:55:06]} {[%emt 00:17:49]} 17. Qe4 {[%clk 00:59:31]}
{[%emt 00:07:23]} Bd6 {[%clk 00:36:21]} {[%emt 00:19:15]} 18. Ne5 {[%clk
00:43:57]} {[%emt 00:16:05]} Bxe5 {[%clk 00:35:47]} {[%emt 00:01:04]} 19. Qxe5
{[%clk 00:43:43]} {[%emt 00:00:43]} Qg6 {[%clk 00:32:58]} {[%emt 00:03:19]} 20.
c5 {[%clk 00:31:58]} {[%emt 00:12:16]} bxc5 {[%clk 00:26:36]} {[%emt 00:06:51]}
21. dxc5 {[%clk 00:30:55]} {[%emt 00:01:34]} Rab8 {[%clk 00:20:48]} {[%emt
00:06:18]} 22. Rc3 {[%clk 00:23:02]} {[%emt 00:08:23]} Rf5 {[%clk 00:05:32]}
{[%emt 00:15:46]} 23. Qd4 {[%clk 00:22:58]} {[%emt 00:00:33]} Qf7 {[%clk
00:05:26]} {[%emt 00:00:36]} 24. g4 {[%clk 00:18:36]} {[%emt 00:04:52]} Rd5
{[%clk 00:05:07]} {[%emt 00:00:49]} 25. Qa4 {[%clk 00:16:08]} {[%emt 00:02:59]}
Rxc5 {[%clk 00:01:59]} {[%emt 00:03:38]} 26. Rxc5 {[%clk 00:09:36]} {[%emt
00:07:02]} Nxc5 {[%clk 00:02:28]} {[%emt 00:00:01]} 27. Qxa5 {[%clk 00:09:46]}
{[%emt 00:00:20]} Rxb3 {[%clk 00:01:01]} {[%emt 00:01:56]} 28. Qxc5 {[%clk
00:07:00]} {[%emt 00:03:16]} f3+ {[%clk 00:01:24]} {[%emt 00:00:07]} 29. Kh1
{[%clk 00:02:12]} {[%emt 00:05:18]} fxe2 {[%clk 00:01:43]} {[%emt 00:00:11]} 30.
Rb1 {[%clk 00:02:13]} {[%emt 00:00:29]} Qf3+ {[%clk 00:01:43]} {[%emt
00:00:31]} 31. Kg1 {[%clk 00:02:39]} {[%emt 00:00:03]} Qxg4+ {[%clk 00:01:54]}
{[%emt 00:00:20]} 32. Kh1 {[%clk 00:03:05]} {[%emt 00:00:04]} Qe4+ {[%clk
00:01:57]} {[%emt 00:00:26]} 33. Kg1 {[%clk 00:02:48]} {[%emt 00:00:48]} Qxb1+
{[%clk 00:02:11]} {[%emt 00:00:16]} 34. Kg2 {[%clk 00:03:00]} {[%emt 00:00:18]}
Qf1# {[%clk 00:02:15]} {[%emt 00:00:25]} 0-1

[Event "Pobeskydi 2026"]
[Site "?"]
[Date "2026.04.02"]
[Round "2.12"]
[White "Lorenc, Matej"]
[Black "Ocelak, David"]
[Result "1/2-1/2"]
[WhiteElo "1858"]
[BlackElo "2009"]
[WhiteFideId "-1"]
[BlackFideId "-1"]
[PlyCount "107"]
[GameId "2294517956374199"]
[EventDate "2026.04.02"]

{[%evp 0,107,40,25,41,50,78,58,50,42,38,27,44,26,21,19,30,20,18,14,6,14,12,0,11,-9,14,29,27,42,26,36,-7,-155,-96,-83,-106,-96,-97,-169,-179,-226,-195,-213,-201,-253,-198,-269,-168,-171,-118,-141,-145,-142,-133,-148,-119,-125,-31,-104,-71,-59,-85,-99,3,2,46,0,2,-6,62,37,36,36,88,90,113,117,117,117,125,84,81,28,22,22,21,21,24,5,14,12,31,4,0,0,0,8,15,58,50,50,55,55,51,50,50,50,50,50]} 1. e4 c5 2. Nf3 d6 3. d4 cxd4 4. Nxd4 Nf6 5. Nc3 Nc6 6. Be2 e5 7. Nf3 h6 8. h3 Be7 9. Be3 Be6 10. Qd2 Rc8 11. Rd1 O-O 12. Nh2 Nb4 13. Ng4 Nxe4 14. Nxe4 Nxc2+ 15. Kf1 f5 16. Nxd6 Bxd6 17. Qxd6 Qxd6 18. Rxd6 fxg4 19. Bd2 g3 20. f3 Nd4 21. Bc3 Bxa2 22. Rg6 Nf5 23. Bd3 Bc4 24. Ke2 Rf6 25. Rg4 Bxd3+ 26. Kxd3 Rd8+ 27. Ke4 Nd4 28. Rd1 Kf7 29. Rxg3 g5 30. Rg4 Rfd6 31. h4 Rg6 32. hxg5 hxg5 33. Rd2 Rdd6 34. Rd3 Nb5 35. Bxe5 Rxd3 36. Kxd3 Ke6 37. Ke4 Nd6+ 38. Bxd6 Kxd6 39. Kf5 Re6 40. Kxg5 Re5+ 41. Kf4 Rb5 42. Rg6+ Ke7 43. g4 Rxb2 44. g5 Kf7 45. Rd6 a5 46. Rd8 a4 47. Ra8 Rb4+ 48. Kf5 Rb3 49. f4 a3 50. Ra7 Kg7 51. Ra8 Rb5+ 52. Kg4 Rb3 53. Kf5 Rb5+ 54. Kg4 1/2-1/2

[Event "Pobeskydi 2026"]
[Site "?"]
[Date "2026.04.02"]
[Round "2.13"]
[White "Gresek, Oskar"]
[Black "Shah, Samuel"]
[Result "1/2-1/2"]
[WhiteElo "1995"]
[BlackElo "1869"]
[WhiteFideId "-1"]
[BlackFideId "-1"]
[PlyCount "75"]
[GameId "2294509627665937"]
[EventDate "2026.04.02"]

{[%evp 0,75,36,38,30,12,12,34,7,37,19,0,15,15,15,15,21,30,5,4,5,-19,-7,-5,22,19,19,7,4,12,12,6,23,0,-7,-6,-14,0,-4,15,9,11,2,-61,-47,-76,-81,-55,-40,-32,0,0,45,122,108,73,137,129,140,124,128,128,134,129,121,129,114,0,0,0,0,0,8,107,0,8,95,0]} 1. e4 e5 2. Nf3 Nc6 3. d4 exd4 4. Nxd4 Nf6 5. Nc3 Bb4 6. Nxc6 bxc6 7. Bd3 d5 8. exd5 cxd5 9. O-O O-O 10. Bg5 c6 11. Qf3 Be7 12. h3 h6 13. Bh4 Re8 14. Rfe1 Rb8 15. Rab1 Rb7 16. a4 Nd7 17. Bxe7 Rxe7 18. Rxe7 Qxe7 19. Qf5 g6 20. Qf4 h5 21. a5 Nc5 22. Bf1 Bf5 23. Qd2 Ne4 24. Nxe4 Qxe4 25. Re1 Qxc2 26. Re8+ Kg7 27. Qd4+ f6 28. g4 hxg4 29. hxg4 Be4 30. g5 Qxb2 31. gxf6+ Kf7 32. Re7+ Kf8 33. Qe3 Rxe7 34. fxe7+ Ke8 35. Qxa7 Qf6 36. Qb8+ Kxe7 37. Qc7+ Ke8 38. Qc8+ 1/2-1/2

[Event "Pobeskydi 2026"]
[Site "?"]
[Date "2026.04.02"]
[Round "2.14"]
[White "Stefaniv, Vladislav"]
[Black "Hlavacek, Pavel"]
[Result "1/2-1/2"]
[WhiteElo "1854"]
[BlackElo "1982"]
[WhiteFideId "-1"]
[BlackFideId "-1"]
[PlyCount "104"]
[GameId "2294519442218730"]
[EventDate "2026.04.02"]

{[%evp 0,104,27,16,32,27,29,-14,-3,-17,-14,19,9,11,31,30,35,17,19,23,8,-10,-3,-11,-5,-16,36,41,54,51,73,13,28,27,17,25,23,26,33,19,17,12,19,39,32,41,47,33,26,21,20,-29,-6,-1,-1,-9,-8,-12,21,-10,61,11,-1,-26,-34,-26,-18,-20,-18,-19,-13,-17,-21,-73,-77,-59,-63,-156,-73,-62,-51,-56,-27,-34,0,0,0,0,0,0,0,0,0,0,0,0,0,0,0,0,0,0,0,0,0,0,0]} 1. d4 Nf6 2. Nf3 d5 3. c4 e6 4. g3 Bb4+ 5. Bd2 Be7 6. Bg2 c6 7. O-O O-O 8. Qc2 Nbd7 9. b3 b6 10. Rd1 Ba6 11. Bf4 Rc8 12. Nbd2 b5 13. c5 b4 14. Re1 Nh5 15. Ne5 Nxe5 16. Bxe5 f6 17. Bf4 Nxf4 18. gxf4 Qc7 19. Bh3 f5 20. e3 Bf6 21. Nf3 Qf7 22. Bg2 h6 23. Qd2 g5 24. Kh1 g4 25. Ng1 Bh4 26. Bf1 Bxf1 27. Rxf1 a5 28. Ne2 h5 29. Ng3 Bxg3 30. fxg3 h4 31. Kg2 Qh5 32. Rh1 Rc7 33. Qe1 h3+ 34. Kf2 Ra8 35. Ke2 Qe8 36. Kd2 Qb8 37. Qe2 a4 38. Kc2 axb3+ 39. axb3 Rca7 40. Kb2 Ra3 41. Rxa3 bxa3+ 42. Ka2 Qb4 43. Qc2 Rb8 44. Rb1 Rb5 45. Rd1 Kf7 46. Rd2 Qa5 47. Rd1 Rb8 48. Rb1 Qb5 49. Rd1 Ke7 50. Rb1 Kd7 51. Rd1 Qb4 52. Rd2 Rb5 1/2-1/2

[Event "Pobeskydi 2026"]
[Site "?"]
[Date "2026.04.02"]
[Round "2.15"]
[White "Ciupka, Kamil"]
[Black "Skorupa, Tobias"]
[Result "1/2-1/2"]
[WhiteElo "1981"]
[BlackElo "1859"]
[WhiteFideId "-1"]
[BlackFideId "-1"]
[PlyCount "60"]
[GameId "2294520937721654"]
[EventDate "2026.04.02"]

1. d4 Nf6 2. c4 e6 3. Nc3 d5 4. cxd5 Nxd5 5. e4 Nxc3 6. bxc3 c5 7. Nf3 cxd4 8. cxd4 Bb4+ 9. Bd2 Bxd2+ 10. Qxd2 O-O 11. Bd3 b6 12. e5 Bb7 13. Qf4 h6 14. h4 Nc6 15. Rd1 Nb4 16. Bb1 Rc8 17. Qd2 Qe7 18. a3 Nd5 19. Qd3 g6 20. Qd2 Kg7 21. h5 Qxa3 22. hxg6 Qc3 23. gxf7 Qxd2+ 24. Kxd2 Nc3 25. Rc1 Nxb1+ 26. Rxb1 Rxf7 27. Rh3 Rc4 28. Ke3 Rc3+ 29. Kd2 Rc4 30. Ke3 Rc3+ 1/2-1/2

[Event "Pobeskydi 2026"]
[Site "Frydek-Mistek, Czech Republic"]
[Date "2026.04.03"]
[Round "3.1"]
[White "Durana, Jonas"]
[Black "Walek, Petr"]
[Result "0-1"]
[TimeControl "90 min+30s/move"]
[WhiteTitle "-"]
[BlackTitle "-"]
[WhiteFideId "73619663"]
[BlackFideId "339393"]
[WhiteElo "2183"]
[BlackElo "2304"]

1. e4 {[%clk 01:30:57]} {[%emt 00:00:01]} c5 {[%clk 01:30:54]} {[%emt
00:00:06]} 2. Nf3 {[%clk 01:31:23]} {[%emt 00:00:05]} d6 {[%clk 01:30:50]}
{[%emt 00:00:35]} 3. Bb5+ {[%clk 01:31:45]} {[%emt 00:00:07]} Nd7 {[%clk
01:28:16]} {[%emt 00:03:04]} 4. O-O {[%clk 01:31:39]} {[%emt 00:00:35]} a6
{[%clk 01:25:11]} {[%emt 00:03:36]} 5. Bxd7+ {[%clk 01:32:01]} {[%emt
00:00:07]} Bxd7 {[%clk 01:25:34]} {[%emt 00:00:09]} 6. c3 {[%clk 01:32:06]}
{[%emt 00:00:24]} Nf6 {[%clk 01:21:06]} {[%emt 00:04:59]} 7. Re1 {[%clk
01:31:32]} {[%emt 00:01:02]} e6 {[%clk 01:13:24]} {[%emt 00:08:14]} 8. d4
{[%clk 01:31:56]} {[%emt 00:00:05]} cxd4 {[%clk 01:12:24]} {[%emt 00:01:29]} 9.
cxd4 {[%clk 01:32:17]} {[%emt 00:00:08]} d5 {[%clk 01:12:39]} {[%emt 00:00:15]}
10. e5 {[%clk 01:32:07]} {[%emt 00:00:41]} Ne4 {[%clk 01:12:56]} {[%emt
00:00:13]} 11. Nbd2 {[%clk 01:25:04]} {[%emt 00:07:33]} Nxd2 {[%clk 01:09:48]}
{[%emt 00:03:39]} 12. Bxd2 {[%clk 01:25:18]} {[%emt 00:00:16]} Be7 {[%clk
01:09:35]} {[%emt 00:00:42]} 13. a3 {[%clk 01:16:52]} {[%emt 00:08:56]} Rc8
{[%clk 00:59:39]} {[%emt 00:10:26]} 14. Rc1 {[%clk 01:10:23]} {[%emt 00:06:58]}
Rxc1 {[%clk 00:49:34]} {[%emt 00:10:37]} 15. Qxc1 {[%clk 01:10:26]} {[%emt
00:00:26]} O-O {[%clk 00:49:43]} {[%emt 00:00:21]} 16. Re3 {[%clk 01:04:03]}
{[%emt 00:06:52]} Qb8 {[%clk 00:34:24]} {[%emt 00:15:50]} 17. Qb1 {[%clk
00:47:15]} {[%emt 00:17:18]} Rc8 {[%clk 00:31:30]} {[%emt 00:03:24]} 18. Bc3
{[%clk 00:44:05]} {[%emt 00:03:40]} Qc7 {[%clk 00:30:06]} {[%emt 00:01:54]} 19.
Ne1 {[%clk 00:42:36]} {[%emt 00:01:58]} Bb5 {[%clk 00:27:47]} {[%emt 00:02:51]}
20. f4 {[%clk 00:34:43]} {[%emt 00:08:21]} h6 {[%clk 00:19:35]} {[%emt
00:08:43]} 21. Nf3 {[%clk 00:25:38]} {[%emt 00:09:35]} Qc4 {[%clk 00:16:09]}
{[%emt 00:03:56]} 22. Nd2 {[%clk 00:24:58]} {[%emt 00:01:10]} Qa4 {[%clk
00:13:28]} {[%emt 00:03:11]} 23. g4 {[%clk 00:21:39]} {[%emt 00:03:48]} a5
{[%clk 00:12:29]} {[%emt 00:01:30]} 24. Kg2 {[%clk 00:20:08]} {[%emt 00:02:01]}
Bd7 {[%clk 00:10:53]} {[%emt 00:02:06]} 25. Rf3 {[%clk 00:07:06]} {[%emt
00:13:33]} b5 {[%clk 00:07:54]} {[%emt 00:03:28]} 26. Nf1 {[%clk 00:03:46]}
{[%emt 00:03:50]} b4 {[%clk 00:05:49]} {[%emt 00:02:36]} 27. axb4 {[%clk
00:03:43]} {[%emt 00:00:33]} axb4 {[%clk 00:06:12]} {[%emt 00:00:07]} 28. Bd2
{[%clk 00:04:07]} {[%emt 00:00:03]} Bb5 {[%clk 00:05:01]} {[%emt 00:01:43]} 29.
b3 {[%clk 00:03:33]} {[%emt 00:01:05]} Qa7 {[%clk 00:04:05]} {[%emt 00:01:25]}
30. Qb2 {[%clk 00:03:15]} {[%emt 00:00:49]} Be2 {[%clk 00:03:01]} {[%emt
00:01:34]} 31. Rg3 {[%clk 00:02:39]} {[%emt 00:01:05]} Bh4 {[%clk 00:03:00]}
{[%emt 00:00:31]} 32. Re3 {[%clk 00:02:51]} {[%emt 00:00:15]} Qa6 {[%clk
00:01:46]} {[%emt 00:01:47]} 33. Ng3 {[%clk 00:01:02]} {[%emt 00:02:19]} Bd3
{[%clk 00:02:10]} {[%emt 00:00:06]} 0-1

[Event "Pobeskydi 2026"]
[Site "Frydek-Mistek, Czech Republic"]
[Date "2026.04.03"]
[Round "3.2"]
[White "Gnojek, Petr"]
[Black "Zeman, Daniel Nikolas"]
[Result "1-0"]
[TimeControl "90 min+30s/move"]
[WhiteTitle "-"]
[BlackTitle "-"]
[WhiteFideId "371807"]
[BlackFideId "23717130"]
[WhiteElo "2401"]
[BlackElo "1957"]

1. d4 {[%clk 01:30:56]} {[%emt 00:00:03]} d6 {[%clk 01:30:53]} {[%emt
00:00:07]} 2. e4 {[%clk 01:31:10]} {[%emt 00:00:17]} e5 {[%clk 01:31:09]}
{[%emt 00:00:14]} 3. Nf3 {[%clk 01:27:35]} {[%emt 00:04:05]} exd4 {[%clk
01:31:05]} {[%emt 00:00:34]} 4. Nxd4 {[%clk 01:27:29]} {[%emt 00:00:36]} Nf6
{[%clk 01:31:07]} {[%emt 00:00:27]} 5. Nc3 {[%clk 01:25:38]} {[%emt 00:02:21]}
g6 {[%clk 01:29:05]} {[%emt 00:02:32]} 6. g3 {[%clk 01:25:03]} {[%emt
00:01:06]} Bg7 {[%clk 01:29:07]} {[%emt 00:00:28]} 7. Bg2 {[%clk 01:25:27]}
{[%emt 00:00:06]} O-O {[%clk 01:29:14]} {[%emt 00:00:23]} 8. h3 {[%clk
01:21:02]} {[%emt 00:04:55]} Nc6 {[%clk 01:26:13]} {[%emt 00:03:30]} 9. Be3
{[%clk 01:20:54]} {[%emt 00:00:38]} Re8 {[%clk 01:21:50]} {[%emt 00:04:53]} 10.
O-O {[%clk 01:12:38]} {[%emt 00:08:46]} Bd7 {[%clk 01:17:50]} {[%emt 00:04:31]}
11. g4 {[%clk 00:59:42]} {[%emt 00:13:26]} Nxd4 {[%clk 01:09:51]} {[%emt
00:08:28]} 12. Bxd4 {[%clk 00:59:55]} {[%emt 00:00:17]} Bc6 {[%clk 01:09:22]}
{[%emt 00:01:00]} 13. Qd3 {[%clk 00:59:38]} {[%emt 00:00:47]} Nd7 {[%clk
01:00:16]} {[%emt 00:09:35]} 14. Bxg7 {[%clk 00:59:50]} {[%emt 00:00:18]} Kxg7
{[%clk 01:00:44]} {[%emt 00:00:02]} 15. f4 {[%clk 01:00:13]} {[%emt 00:00:07]}
Nc5 {[%clk 01:00:40]} {[%emt 00:00:34]} 16. Qd4+ {[%clk 00:59:32]} {[%emt
00:01:11]} Kg8 {[%clk 00:58:13]} {[%emt 00:02:58]} 17. g5 {[%clk 00:47:10]}
{[%emt 00:12:52]} a5 {[%clk 00:55:20]} {[%emt 00:03:23]} 18. Rae1 {[%clk
00:46:39]} {[%emt 00:01:00]} Qd7 {[%clk 00:52:01]} {[%emt 00:03:50]} 19. Kh2
{[%clk 00:34:09]} {[%emt 00:13:00]} Re7 {[%clk 00:49:46]} {[%emt 00:02:44]} 20.
Nd1 {[%clk 00:34:28]} {[%emt 00:00:12]} Ne6 {[%clk 00:34:49]} {[%emt 00:15:27]}
21. Qd2 {[%clk 00:33:27]} {[%emt 00:01:31]} h5 {[%clk 00:31:44]} {[%emt
00:03:35]} 22. gxh6 {[%clk 00:33:19]} {[%emt 00:00:38]} f6 {[%clk 00:30:35]}
{[%emt 00:01:39]} 23. Ne3 {[%clk 00:33:11]} {[%emt 00:00:38]} Nc5 {[%clk
00:30:11]} {[%emt 00:00:54]} 24. Ng4 {[%clk 00:33:12]} {[%emt 00:00:29]} Rf8
{[%clk 00:30:15]} {[%emt 00:00:26]} 25. f5 {[%clk 00:30:18]} {[%emt 00:03:23]}
g5 {[%clk 00:30:39]} {[%emt 00:00:06]} 26. Nxf6+ {[%clk 00:30:39]} {[%emt
00:00:09]} 1-0